Melbourne Metropolitan Local Government Areas (LGAs) - Statistics

General Stats
  • This quiz has been taken 2,074 times
  • The average score is 19 of 31
Answers on the Map
Answers color-coded by a green-red scale on the quiz's map according to % correct below.
 
Answer Stats
Local Government Area full name % Correct
Melbourne City of Melbourne
90%
Yarra City of Yarra
83%
Frankston City of Frankston
73%
Casey City of Casey
70%
Mornington Peninsula Shire of Mornington Peninsula
70%
Port Phillip City of Port Phillip
67%
Stonnington City of Stonnington
67%
Bayside City of Bayside
66%
Hume City of Hume
64%
Whitehorse City of Whitehorse
64%
Darebin City of Darebin
62%
Monash City of Monash
62%
Yarra Ranges Shire of Yarra Ranges
62%
Boroondara City of Boroondara
60%
Banyule City of Banyule
59%
Melton City of Melton
59%
Whittlesea City of Whittlesea
59%
Wyndham City of Wyndham
58%
Knox City of Knox
57%
Glen Eira City of Glen Eira
56%
Moreland City of Moreland
56%
Cardinia Shire of Cardinia
56%
Kingston City of Kingston
54%
Brimbank City of Brimbank
52%
Hobsons Bay City of Hobsons Bay
52%
Maribyrnong City of Maribyrnong
51%
Greater Dandenong City of Greater Dandenong
50%
Manningham City of Manningham
49%
Moonee Valley City of Moonee Valley
47%
Nillumbik Shire of Nillumbik
46%
Maroondah City of Maroondah
44%
No matching quizzes found
Score Distribution
Percent of People with Each Score
Percentile by Number Answered
Your Score History
You have not taken this quiz